[Event "Olimpiada Dresden 2008 Femenina"]
[Site "Dresden GER"]
[Date "2008.11.20"]
[Round "7.3"]
[White "Rajlich, Iweta"]
[Black "Kosintseva, Tatiana"]
[Result "1-0"]
[WhiteElo "2404"]
[BlackElo "2513"]
[PlyCount "145"]
[EventDate "2008.11.13"]
[EventType "team-tourn"]
[EventRounds "11"]
[EventCountry "GER"]
[Source "lmi"]
[SourceDate "2008.11.13"]
[WhiteTeam "Polonia"]
[BlackTeam "Rusia"]
[WhiteTeamCountry "POL"]
[BlackTeamCountry "RUS"]

1. d4 Nf6 2. c4 e6 3. Nc3 Bb4 4. Qc2 O-O 5. Nf3 c5 6. dxc5 Na6 7. g3 Nxc5 8.
Bg2 b6 9. O-O Bb7 10. Nb5 Be4 11. Qd1 a6 12. Nd6 Bc6 13. Ng5 Bxg2 14. Kxg2 Nb7
15. Bf4 Bxd6 16. Bxd6 Nxd6 17. Qxd6 Rc8 18. Rac1 Rc6 19. Qa3 Qc7 20. b3 b5 21.
cxb5 axb5 22. Kg1 Nd5 23. Rxc6 Qxc6 24. Qc1 Nc3 25. Qc2 f5 26. a3 Rc8 27. Qd3
h6 28. Nf3 Qe4 29. Re1 Qxd3 30. exd3 Ra8 31. Ra1 Kf7 32. Kf1 Kf6 33. Ke1 b4 34.
a4 e5 35. Kd2 d5 36. Re1 e4 37. Nd4 Ke5 38. Nc6+ Kd6 39. Nxb4 d4 40. Nc2 Kd5
41. Rc1 Rb8 42. Nxd4 Nxa4 43. dxe4+ Kxe4 44. bxa4 Kxd4 45. a5 Ra8 46. Ra1 Ra6
47. Ke2 g5 48. Kf3 Kc3 49. Rc1+ Kd4 50. Ra1 Kc3 51. h4 Kb2 52. Ra4 Kb3 53. Rd4
Rxa5 54. h5 Ra6 55. Rd5 Rf6 56. Rc5 Kb4 57. Rc8 Kb5 58. Rg8 Kc5 59. Rg6 Rd6 60.
g4 fxg4+ 61. Kxg4 Rd4+ 62. Kg3 Rd6 63. Kg4 Rd4+ 64. Kf3 Rd6 65. Ke4 Rd2 66. f3
Rd4+ 67. Ke5 Rf4 68. Rf6 Rxf6 69. Kxf6 Kd6 70. Kg6 Ke6 71. Kxh6 Kf6 72. Kh7 Kf7
73. h6 1-0

[Event "Olimpiada Dresden 2008 Femenina"]
[Site "Dresden GER"]
[Date "2008.11.20"]
[Round "7.3"]
[White "Korbut, Ekaterina"]
[Black "Zawadzka, Jolanta"]
[Result "1-0"]
[WhiteElo "2459"]
[BlackElo "2378"]
[PlyCount "71"]
[EventDate "2008.11.13"]
[EventType "team-tourn"]
[EventRounds "11"]
[EventCountry "GER"]
[Source "lmi"]
[SourceDate "2008.11.13"]
[WhiteTeam "Rusia"]
[BlackTeam "Polonia"]
[WhiteTeamCountry "RUS"]
[BlackTeamCountry "POL"]

1. e4 e5 2. Nf3 Nc6 3. Bb5 Nd4 4. Nxd4 exd4 5. O-O Bc5 6. Be2 d6 7. d3 Ne7 8.
Bg5 h6 9. Bxe7 Qxe7 10. Bg4 O-O 11. Bxc8 Raxc8 12. Nd2 d5 13. Re1 dxe4 14. Rxe4
Qd7 15. Nb3 Bb6 16. Qe2 Rfe8 17. Re1 Kf8 18. Qf3 c5 19. Rxe8+ Rxe8 20. Rxe8+
Qxe8 21. Kf1 Qe7 22. Qd5 g6 23. a4 a6 24. g3 Kg7 25. a5 Ba7 26. Nd2 f5 27. Nc4
h5 28. Nd6 Qd7 29. Qe5+ Kh7 30. Qf6 Bb8 31. Nf7 Qe8 32. Ng5+ Kh6 33. Ne6 Qg8
34. Nxc5 Qd5 35. Ne6 Qd7 36. Qh8+ 1-0

[Event "Olimpiada Dresden 2008 Femenina"]
[Site "Dresden GER"]
[Date "2008.11.20"]
[Round "7.3"]
[White "Majdan, Joanna"]
[Black "Pogonina, Natalija"]
[Result "1/2-1/2"]
[WhiteElo "2284"]
[BlackElo "2474"]
[PlyCount "114"]
[EventDate "2008.11.13"]
[EventType "team-tourn"]
[EventRounds "11"]
[EventCountry "GER"]
[Source "lmi"]
[SourceDate "2008.11.13"]
[WhiteTeam "Polonia"]
[BlackTeam "Rusia"]
[WhiteTeamCountry "POL"]
[BlackTeamCountry "RUS"]

1. e4 c5 2. Nf3 d6 3. d4 cxd4 4. Nxd4 Nf6 5. Nc3 g6 6. Be3 Bg7 7. f3 O-O 8. Qd2
Nc6 9. O-O-O d5 10. exd5 Nxd5 11. Nxc6 bxc6 12. Bd4 Bxd4 13. Qxd4 Qc7 14. Bc4
Nb6 15. Bd3 Be6 16. h4 Rad8 17. Qc5 Nd5 18. h5 Qf4+ 19. Kb1 Qb4 20. Ne4 Rb8 21.
Qxb4 Nxb4 22. b3 Nd5 23. Kb2 Rbd8 24. Nc5 Bc8 25. hxg6 hxg6 26. Rhe1 e6 27. Re4
Nb6 28. Rh4 Kg7 29. Rdh1 Kf6 30. Rh7 Nd5 31. R1h4 e5 32. Ra4 a6 33. Bxa6 Rh8
34. Ne4+ Ke7 35. Rxh8 Rxh8 36. Bxc8 Rxc8 37. Ra7+ Rc7 38. Rxc7+ Nxc7 39. c4 Ne6
40. a4 f5 41. Nf2 c5 42. a5 Kd6 43. Kc3 Nf4 44. b4 Nxg2 45. bxc5+ Kc7 46. Nd3
e4 47. fxe4 fxe4 48. Nb4 g5 49. a6 e3 50. Kd3 Nf4+ 51. Kxe3 Ne6 52. c6 Kb6 53.
c5+ Nxc5 54. Kd4 Ne6+ 55. Ke5 Nc7 56. Kf5 Kc5 57. Kxg5 Kxb4 1/2-1/2

[Event "Olimpiada Dresden 2008 Femenina"]
[Site "Dresden GER"]
[Date "2008.11.20"]
[Round "7.4"]
[White "Ushenina, Anna"]
[Black "Schuurman, Petra"]
[Result "1-0"]
[WhiteElo "2496"]
[BlackElo "2324"]
[PlyCount "112"]
[EventDate "2008.11.13"]
[EventType "team-tourn"]
[EventRounds "11"]
[EventCountry "GER"]
[Source "lmi"]
[SourceDate "2008.11.13"]
[WhiteTeam "Ucrania"]
[BlackTeam "Holanda"]
[WhiteTeamCountry "UKR"]
[BlackTeamCountry "NED"]

1. e4 c6 2. d4 d5 3. e5 Bf5 4. Nf3 e6 5. Be2 Bg6 6. O-O Nh6 7. Nbd2 Be7 8. Nb3
O-O 9. a4 a5 10. Bd2 b6 11. Rc1 Na6 12. c4 Nb4 13. cxd5 Qxd5 14. Bxh6 gxh6 15.
Nfd2 Qd7 16. Bf3 Rac8 17. Ne4 Nd5 18. Nbd2 f5 19. exf6 Nxf6 20. Qb3 Bb4 21. Qe3
Nd5 22. Qxh6 Nf4 23. Rfd1 Qxd4 24. Nc4 Nd3 25. Rxd3 Qxd3 26. Ne5 Qd4 27. Nxg6
Rxf3 28. gxf3 hxg6 29. Kh1 Qg7 30. Qh3 Qe5 31. Rg1 Qf5 32. Rg4 Be7 33. Qg3 Kg7
34. Kg2 e5 35. Nd2 b5 36. Re4 Bf6 37. Nb3 bxa4 38. Nxa5 Rb8 39. Rxa4 Qc2 40.
Rc4 Qd2 41. Nxc6 Rb5 42. b4 Qd5 43. Qg4 e4 44. Qxe4 Qd6 45. f4 Rh5 46. Nd4 Kh6
47. h3 Qd7 48. Qe6 Qd5+ 49. Qxd5 Rxd5 50. Nc6 Rd2 51. b5 Bh4 52. Kf3 Bxf2 53.
Rb4 Bb6 54. Ne5 Kh5 55. Ke4 Rd8 56. Ra4 Re8 1-0

[Event "Olimpiada Dresden 2008 Femenina"]
[Site "Dresden GER"]
[Date "2008.11.20"]
[Round "7.4"]
[White "Bensdorp, Marlies"]
[Black "Gaponenko, Inna"]
[Result "0-1"]
[WhiteElo "2303"]
[BlackElo "2473"]
[PlyCount "150"]
[EventDate "2008.11.13"]
[EventType "team-tourn"]
[EventRounds "11"]
[EventCountry "GER"]
[Source "lmi"]
[SourceDate "2008.11.13"]
[WhiteTeam "Holanda"]
[BlackTeam "Ucrania"]
[WhiteTeamCountry "NED"]
[BlackTeamCountry "UKR"]

1. d4 Nf6 2. c4 e6 3. Nf3 d5 4. Nc3 Bb4 5. cxd5 exd5 6. Qa4+ Nc6 7. Bg5 h6 8.
Bxf6 Qxf6 9. e3 O-O 10. Be2 a6 11. O-O Be6 12. Rfc1 Bd6 13. a3 Rfd8 14. b4 Ne7
15. Qb3 b6 16. a4 c5 17. bxc5 bxc5 18. Qd1 Nf5 19. dxc5 Bxc5 20. Bd3 Nxe3 21.
fxe3 Bxe3+ 22. Kh1 Bxc1 23. Rxc1 Bg4 24. h3 Bxf3 25. Qxf3 Qxf3 26. gxf3 Rdc8
27. Kg1 Rc5 28. Ne2 Rxc1+ 29. Nxc1 Rb8 30. Kf2 Rb4 31. Bxa6 Rxa4 32. Bb7 Ra5
33. Nd3 Kf8 34. Nf4 d4 35. Ke2 Ra3 36. Kd2 Rb3 37. Be4 f5 38. Bxf5 Rxf3 39.
Ne6+ Kf7 40. Nxd4 Ra3 41. Ke2 Kf6 42. Bg4 Ke5 43. Nc6+ Kf4 44. Nd4 Ra2+ 45. Kf1
g6 46. Ne2+ Ke3 47. Nc3 Rd2 48. Be2 Rd8 49. Ke1 Ra8 50. Nd5+ Ke4 51. Nf6+ Kf5
52. Nd5 Ra3 53. Bg4+ Ke4 54. Nf6+ Kf4 55. Kf2 Rd3 56. Kg2 Rd6 57. Ne8 Rd2+ 58.
Kf1 h5 59. Be2 Ke3 60. Bb5 Kf3 61. Kg1 Rg2+ 62. Kh1 Rb2 63. Bf1 Kf2 64. Bd3 Rd2
65. Bb5 Kg3 66. Bf1 Kf2 67. Bb5 Rd5 68. Bc4 Rd4 69. Bb5 Rb4 70. Ba6 Ra4 71. Bb5
Rb4 72. Ba6 Re4 73. Nc7 Rh4 74. Kh2 g5 75. Bc8 g4 0-1

[Event "Olimpiada Dresden 2008 Femenina"]
[Site "Dresden GER"]
[Date "2008.11.20"]
[Round "7.5"]
[White "Munhchuluun, Cegmed"]
[Black "Schneider, Veronika"]
[Result "1-0"]
[WhiteElo "1969"]
[BlackElo "2315"]
[PlyCount "77"]
[EventDate "2008.11.13"]
[EventType "team-tourn"]
[EventRounds "11"]
[EventCountry "GER"]
[Source "lmi"]
[SourceDate "2008.11.13"]
[WhiteTeam "Mongolia"]
[BlackTeam "Hungría"]
[WhiteTeamCountry "MGL"]
[BlackTeamCountry "HUN"]

1. d4 Nf6 2. c4 g6 3. g3 Bg7 4. Bg2 d5 5. cxd5 Nxd5 6. e4 Nb6 7. Ne2 O-O 8. O-O
Bg4 9. Nbc3 Qd7 10. b3 c5 11. Be3 c4 12. Qd2 Rd8 13. f3 Bh3 14. d5 Bxg2 15.
Kxg2 cxb3 16. axb3 Na6 17. Bd4 Bxd4 18. Qxd4 e6 19. Rad1 exd5 20. exd5 Nc7 21.
d6 Nb5 22. Qe5 Re8 23. Qxb5 Qxb5 24. Nxb5 Rxe2+ 25. Rf2 Rxf2+ 26. Kxf2 a6 27.
Na3 Rd8 28. Nc4 Nxc4 29. bxc4 b6 30. Ke3 f5 31. Kf4 Kf7 32. Ke5 a5 33. Kd5 a4
34. Ra1 Ra8 35. d7 Ke7 36. Kc6 a3 37. Re1+ Kf7 38. Kb7 Rf8 39. Kc7 1-0

[Event "Olimpiada Dresden 2008 Femenina"]
[Site "Dresden GER"]
[Date "2008.11.20"]
[Round "7.7"]
[White "Maric, Alisa"]
[Black "Le, Thanh Tu"]
[Result "1-0"]
[WhiteElo "2405"]
[BlackElo "2324"]
[PlyCount "61"]
[EventDate "2008.11.13"]
[EventType "team-tourn"]
[EventRounds "11"]
[EventCountry "GER"]
[Source "lmi"]
[SourceDate "2008.11.13"]
[WhiteTeam "SRB"]
[BlackTeam "Vietnam"]
[BlackTeamCountry "VIE"]

1. Nf3 d5 2. d4 Nf6 3. c4 c6 4. e3 a6 5. Bd3 e6 6. b3 c5 7. cxd5 exd5 8. O-O
Nc6 9. Bb2 Bd6 10. dxc5 Bxc5 11. Nbd2 Qe7 12. Rc1 Ba7 13. Bxa6 Bxe3 14. Bb5
Bxd2 15. Rxc6 bxc6 16. Bxc6+ Bd7 17. Bxa8 O-O 18. Qxd2 Rxa8 19. Re1 Be6 20.
Bxf6 Qxf6 21. Nd4 h5 22. a4 Bd7 23. h3 Rb8 24. Re3 Qd6 25. Qd1 Qg6 26. Ne2 Bc6
27. Rg3 Qe4 28. Nd4 Bxa4 29. Qa1 g6 30. Re3 Qf4 31. Qxa4 1-0

[Event "Olimpiada Dresden 2008 Femenina"]
[Site "Dresden GER"]
[Date "2008.11.20"]
[Round "7.7"]
[White "Pham, Le Thao Nguyen"]
[Black "Bojkovic, Natasa"]
[Result "1/2-1/2"]
[WhiteElo "2304"]
[BlackElo "2420"]
[PlyCount "109"]
[EventDate "2008.11.13"]
[EventType "team-tourn"]
[EventRounds "11"]
[EventCountry "GER"]
[Source "lmi"]
[SourceDate "2008.11.13"]
[WhiteTeam "Vietnam"]
[BlackTeam "SRB"]
[WhiteTeamCountry "VIE"]

1. d4 Nf6 2. Nf3 g6 3. Bf4 Bg7 4. e3 d6 5. h3 O-O 6. Be2 c5 7. c3 b6 8. O-O Bb7
9. a4 Nbd7 10. Na3 Nd5 11. Bh2 cxd4 12. exd4 a6 13. Re1 Bh6 14. Bf1 Rc8 15. Nc2
Re8 16. Rb1 Qc7 17. c4 Nf4 18. Ne3 e5 19. d5 a5 20. Ng4 Bg7 21. Bxf4 exf4 22.
Qd2 h5 23. Ngh2 Nc5 24. b3 Rxe1 25. Nxe1 Re8 26. Nhf3 Bc8 27. Bd3 Be5 28. Bc2
Bd7 29. Nd4 Qd8 30. Nef3 Qf6 31. Qd1 Na6 32. Nxe5 dxe5 33. Nf3 Kg7 34. Nd2 Bf5
35. Be4 Nc5 36. Qe2 Qg5 37. Kf1 Nxe4 38. Nxe4 Bxe4 39. Qxe4 f5 40. Qd3 e4 41.
Qd4+ Kh6 42. Re1 f3 43. gxf3 Qh4 44. Re3 Qxh3+ 45. Ke2 Qh2 46. fxe4 Qf4 47. d6
fxe4 48. d7 Qg4+ 49. Kf1 Rd8 50. Rxe4 Qh3+ 51. Ke2 Rxd7 52. Qh8+ Rh7 53. Qf8+
Rg7 54. Qh8+ Rh7 55. Qf8+ 1/2-1/2

[Event "Olimpiada Dresden 2008 Femenina"]
[Site "Dresden GER"]
[Date "2008.11.20"]
[Round "7.10"]
[White "Dzagnidze, Nana"]
[Black "Calzetta, Monica"]
[Result "1-0"]
[WhiteElo "2503"]
[BlackElo "2328"]
[PlyCount "83"]
[EventDate "2008.11.13"]
[EventType "team-tourn"]
[EventRounds "11"]
[EventCountry "GER"]
[Source "lmi"]
[SourceDate "2008.11.13"]
[WhiteTeam "Georgia"]
[BlackTeam "España"]
[WhiteTeamCountry "GEO"]
[BlackTeamCountry "ESP"]

1. c4 Nf6 2. Nc3 g6 3. d4 Bg7 4. e4 d6 5. Be2 O-O 6. Bg5 Na6 7. Qd2 e5 8. d5 c6
9. f3 cxd5 10. cxd5 Bd7 11. Bxa6 bxa6 12. Nge2 Rb8 13. Rb1 Qa5 14. O-O Rfc8 15.
Be3 Rb7 16. Nc1 h6 17. Nd3 Kh7 18. Rfc1 Ng8 19. b3 f5 20. Nb2 f4 21. Bf2 Bf8
22. Nc4 Qd8 23. Ne2 Rbc7 24. Na5 Bb5 25. a4 Bxe2 26. Nc6 Qd7 27. Qxe2 Ne7 28.
Qxa6 Nxc6 29. Rxc6 Rxc6 30. dxc6 Rxc6 31. Qxa7 Rc7 32. Qa8 Be7 33. Qd5 Qc8 34.
Qf7+ Kh8 35. g3 fxg3 36. hxg3 Bg5 37. Qxg6 Rc2 38. Rf1 Qh3 39. Qf5 Qxf5 40.
exf5 Rb2 41. Ra1 Rxb3 42. a5 1-0

[Event "Olimpiada Dresden 2008 Femenina"]
[Site "Dresden GER"]
[Date "2008.11.20"]
[Round "7.10"]
[White "Llaneza Vega, Patricia"]
[Black "Khukhashvili, Sopiko"]
[Result "0-1"]
[WhiteElo "2246"]
[BlackElo "2409"]
[PlyCount "140"]
[EventDate "2008.11.13"]
[EventType "team-tourn"]
[EventRounds "11"]
[EventCountry "GER"]
[Source "lmi"]
[SourceDate "2008.11.13"]
[WhiteTeam "España"]
[BlackTeam "Georgia"]
[WhiteTeamCountry "ESP"]
[BlackTeamCountry "GEO"]

1. e4 c5 2. Nf3 d6 3. d4 cxd4 4. Nxd4 Nf6 5. Nc3 Nc6 6. Bg5 e6 7. Qd2 Qb6 8.
O-O-O Qxd4 9. Qxd4 Nxd4 10. Rxd4 a6 11. f3 Bd7 12. Be2 Bc6 13. Rhd1 Be7 14. Bf1
Rc8 15. R4d2 O-O 16. Kb1 b5 17. Ne2 Bb7 18. Nd4 h6 19. Be3 d5 20. e5 Nd7 21. f4
Nc5 22. Bd3 Ne4 23. Re2 Rfe8 24. Nb3 Bf8 25. Bg1 Nc5 26. Nd4 b4 27. g4 a5 28.
Bb5 Red8 29. f5 a4 30. Bf2 Be7 31. Be1 a3 32. Bxb4 axb2 33. Ba5 Ne4 34. Bd3 Ra8
35. Be1 Bc5 36. Nb3 Bb6 37. Kxb2 Nc5 38. Nxc5 Bxc5 39. Bf2 Ba3+ 40. Ka1 Bc6 41.
Rb1 Ra4 42. Rb6 Bd7 43. Ra6 Rxa6 44. Bxa6 exf5 45. gxf5 Bxf5 46. Bd4 Rb8 47.
Bd3 Be6 48. Re1 Rb4 49. Bc3 Ra4 50. Bb5 Rh4 51. Re2 Rf4 52. Bd2 Rg4 53. Re3 Bc5
54. Re2 Kf8 55. Kb2 Ke7 56. a4 Kd8 57. Re1 Kc7 58. Re2 g5 59. Ba5+ Kb7 60. Be1
Rf4 61. Bd2 Rf3 62. Bd3 Rh3 63. Rg2 g4 64. Be2 h5 65. Bf4 Ra3 66. Bb5 h4 67. c3
d4 68. c4 Rf3 69. Bg5 h3 70. Rd2 g3 0-1

[Event "Olimpiada Dresden 2008 Femenina"]
[Site "Dresden GER"]
[Date "2008.11.20"]
[Round "7.11"]
[White "Fierro Baquero, Martha L"]
[Black "Houska, Jovanka"]
[Result "1-0"]
[WhiteElo "2361"]
[BlackElo "2399"]
[PlyCount "91"]
[EventDate "2008.11.13"]
[EventType "team-tourn"]
[EventRounds "11"]
[EventCountry "GER"]
[Source "lmi"]
[SourceDate "2008.11.13"]
[WhiteTeam "Ecuador"]
[BlackTeam "Inglaterra"]
[WhiteTeamCountry "ECU"]
[BlackTeamCountry "ENG"]

1. e4 c6 2. d4 d5 3. Nd2 dxe4 4. Nxe4 Bf5 5. Ng3 Bg6 6. h4 h6 7. Nf3 Nd7 8. h5
Bh7 9. Bd3 Bxd3 10. Qxd3 e6 11. Bd2 Ngf6 12. O-O-O Be7 13. Ne4 O-O 14. Kb1 c5
15. Nxf6+ Nxf6 16. g4 Nxg4 17. Rhg1 f5 18. Qe2 Qb6 19. Ne5 Nxe5 20. Qxe5 Bf6
21. dxc5 Qb5 22. Qxe6+ Kh8 23. Qb3 Qxc5 24. Bb4 Qxf2 25. Bxf8 Rxf8 26. Rgf1 Qe2
27. Qf3 Qb5 28. c3 f4 29. Rd5 Qa6 30. Qxf4 Qe2 31. Qf3 Qh2 32. Qe4 Qb8 33. a3
a6 34. Rd7 b5 35. Qg6 Qe5 36. Rf7 Rxf7 37. Qxf7 a5 38. Rd1 b4 39. axb4 axb4 40.
Qf8+ Kh7 41. Qxb4 Qxh5 42. Qe4+ Kh8 43. Rd5 Qh3 44. Ra5 Qf1+ 45. Ka2 g6 46.
Qe8+ 1-0

[Event "Olimpiada Dresden 2008 Femenina"]
[Site "Dresden GER"]
[Date "2008.11.20"]
[Round "7.11"]
[White "Heredia Serrano, Carla"]
[Black "Lauterbach, Ingrid"]
[Result "0-1"]
[WhiteElo "2105"]
[BlackElo "2178"]
[PlyCount "100"]
[EventDate "2008.11.13"]
[EventType "team-tourn"]
[EventRounds "11"]
[EventCountry "GER"]
[Source "lmi"]
[SourceDate "2008.11.13"]
[WhiteTeam "Ecuador"]
[BlackTeam "Inglaterra"]
[WhiteTeamCountry "ECU"]
[BlackTeamCountry "ENG"]

1. e4 d6 2. d4 Nf6 3. Nc3 g6 4. Be3 c6 5. f3 Bg7 6. Qd2 b5 7. g4 Nbd7 8. h4 b4
9. Nd1 Qa5 10. h5 c5 11. hxg6 hxg6 12. Rxh8+ Bxh8 13. dxc5 Nxc5 14. a3 Rb8 15.
Nh3 Nfd7 16. Nf4 Ne5 17. Kf2 Nxg4+ 18. Kg3 Nxe3 19. Qxe3 Be5 20. Kg2 b3 21. c3
e6 22. Bc4 Qd8 23. Nh3 Qh4 24. f4 Qg4+ 25. Kh2 Bf6 26. Ndf2 Qh4 27. e5 Be7 28.
exd6 Bxd6 29. Rd1 Qe7 30. Qd4 Rb6 31. Ng4 Nd7 32. Qh8+ Qf8 33. Nf6+ Nxf6 34.
Qxf6 Qh6 35. Bb5+ Rxb5 36. Rxd6 Bd7 37. Qd4 Rd5 38. Rxd5 exd5 39. Qe5+ Kd8 40.
Qb8+ Bc8 41. Qd6+ Ke8 42. f5 Qd2+ 43. Kg1 Qe1+ 44. Kh2 Qe2+ 45. Kg3 Qe3+ 46.
Kh2 Bxf5 47. Qb8+ Ke7 48. Nf4 Qf2+ 49. Ng2 Be4 50. Qxa7+ Qxa7 0-1

[Event "Olimpiada Dresden 2008 Femenina"]
[Site "Dresden GER"]
[Date "2008.11.20"]
[Round "7.13"]
[White "Muminova, Nafisa"]
[Black "Golubenko, Valentina"]
[Result "1-0"]
[WhiteElo "2240"]
[BlackElo "2273"]
[PlyCount "95"]
[EventDate "2008.11.13"]
[EventType "team-tourn"]
[EventRounds "11"]
[EventCountry "GER"]
[Source "lmi"]
[SourceDate "2008.11.13"]
[WhiteTeam "Uzbekistán"]
[BlackTeam "Croacia"]
[WhiteTeamCountry "UZB"]
[BlackTeamCountry "CRO"]

1. e4 e6 2. d4 d5 3. e5 c5 4. c3 Qb6 5. Nf3 Nc6 6. a3 Nh6 7. b4 cxd4 8. cxd4
Nf5 9. Be3 Nxe3 10. fxe3 g6 11. Bd3 Bh6 12. Qe2 O-O 13. O-O f6 14. exf6 Rxf6
15. b5 Ne7 16. g4 Bg7 17. Nbd2 Qc7 18. Rac1 Qd6 19. e4 Rf4 20. e5 Rxg4+ 21. Kh1
Qd8 22. Qe3 Nf5 23. Bxf5 gxf5 24. Rg1 Bd7 25. a4 Rc8 26. h3 f4 27. Qf2 Rxc1 28.
Rxc1 Rg3 29. Kh2 a6 30. Nf1 Rg6 31. bxa6 bxa6 32. Nh4 Rh6 33. Ng2 Bxa4 34. Nxf4
Bb5 35. Ne3 Qf8 36. Qg3 Kh8 37. Ng4 Bc4 38. Rb1 Bb5 39. Rc1 Bc4 40. Rb1 Bb5 41.
Rg1 Qf7 42. Nxh6 Bxh6 43. Nh5 Be2 44. Nf6 Bg7 45. Qb3 Bb5 46. Qc2 Bxf6 47. exf6
Qh5 48. Qc7 1-0

[Event "Olimpiada Dresden 2008 Femenina"]
[Site "Dresden GER"]
[Date "2008.11.20"]
[Round "7.13"]
[White "Sargac, Rajna"]
[Black "Nodirjanova, Nodira"]
[Result "1/2-1/2"]
[WhiteElo "2195"]
[BlackElo "2118"]
[PlyCount "102"]
[EventDate "2008.11.13"]
[EventType "team-tourn"]
[EventRounds "11"]
[EventCountry "GER"]
[Source "lmi"]
[SourceDate "2008.11.13"]
[WhiteTeam "Croacia"]
[BlackTeam "Uzbekistán"]
[WhiteTeamCountry "CRO"]
[BlackTeamCountry "UZB"]

1. d4 d5 2. Nf3 Nf6 3. e3 e6 4. Nbd2 c5 5. a3 Nc6 6. Bb5 Qb6 7. c4 a6 8. Bxc6+
bxc6 9. O-O a5 10. Qa4 Be7 11. dxc5 Bxc5 12. b4 Be7 13. Nb3 dxc4 14. Nxa5 Qb5
15. Qc2 c5 16. Bd2 cxb4 17. axb4 Ba6 18. Nd4 Qd5 19. Qa4+ Nd7 20. Bc3 O-O 21.
e4 Qd6 22. b5 Bc8 23. Qxc4 Ne5 24. Qe2 Bd7 25. Rfd1 Qc7 26. Be1 Bc5 27. Nab3
Rxa1 28. Rxa1 Bxd4 29. Nxd4 Qc5 30. Rd1 h6 31. Qb2 Rb8 32. Qb4 Qb6 33. Qa5 Qb7
34. f3 Nc4 35. Qb4 e5 36. Qxc4 exd4 37. Qxd4 Bxb5 38. Bf2 Be2 39. Re1 Qb2 40.
Qe3 Bc4 41. f4 Qa2 42. f5 Rb1 43. h3 Rxe1+ 44. Bxe1 Qe2 45. Qg3 Qd3 46. Kh2
Qxg3+ 47. Kxg3 g6 48. fxg6 fxg6 49. h4 h5 50. Kf4 Kf7 51. g3 Be6 1/2-1/2

[Event "Olimpiada Dresden 2008 Femenina"]
[Site "Dresden GER"]
[Date "2008.11.20"]
[Round "7.14"]
[White "Hagarova, Zuzana"]
[Black "Umudova, Nargiz"]
[Result "0-1"]
[WhiteElo "2430"]
[BlackElo "2219"]
[PlyCount "88"]
[EventDate "2008.11.13"]
[EventType "team-tourn"]
[EventRounds "11"]
[EventCountry "GER"]
[Source "lmi"]
[SourceDate "2008.11.13"]
[WhiteTeam "Eslovaquia"]
[BlackTeam "Azerbaiyán"]
[WhiteTeamCountry "SVK"]
[BlackTeamCountry "AZE"]

1. e4 c5 2. Nf3 Nc6 3. Nc3 Nf6 4. d4 cxd4 5. Nxd4 e5 6. Ndb5 d6 7. Bg5 a6 8.
Na3 b5 9. Nd5 Be7 10. Bxf6 Bxf6 11. c4 b4 12. Nc2 Rb8 13. Qd3 Bg5 14. Be2 Be6
15. O-O O-O 16. Rfd1 a5 17. h3 g6 18. Nde3 Qc8 19. b3 Rb7 20. Bf3 Bd8 21. Qe2
Rd7 22. Nd5 f5 23. Rd3 Rdf7 24. Rad1 Nb8 25. Nde3 Be7 26. Nd5 Bh4 27. Nb6 Qc5
28. exf5 Bxf5 29. Na4 Bxd3 30. Rxd3 Qxf2+ 31. Qxf2 Bxf2+ 32. Kh2 Re7 33. Rxd6
e4 34. Bg4 Kg7 35. Nd4 Bxd4 36. Rxd4 e3 37. Rd1 Rf2 38. Nb6 Rxa2 39. Nd5 Re5
40. Re1 Rb2 41. Nf4 Rxb3 42. Ne6+ Kh6 43. h4 Rc3 44. Ng5 Rxg5 0-1

[Event "Olimpiada Dresden 2008 Femenina"]
[Site "Dresden GER"]
[Date "2008.11.20"]
[Round "7.14"]
[White "Isgandarova, Khayala"]
[Black "Pokorna, Regina"]
[Result "1-0"]
[WhiteElo "2206"]
[BlackElo "2376"]
[PlyCount "84"]
[EventDate "2008.11.13"]
[EventType "team-tourn"]
[EventRounds "11"]
[EventCountry "GER"]
[Source "lmi"]
[SourceDate "2008.11.13"]
[WhiteTeam "Azerbaiyán"]
[BlackTeam "Eslovaquia"]
[WhiteTeamCountry "AZE"]
[BlackTeamCountry "SVK"]

1. e4 e5 2. Nf3 Nc6 3. Bc4 Bc5 4. c3 Nf6 5. d3 d6 6. Bb3 a6 7. Nbd2 Ba7 8. O-O
O-O 9. h3 h6 10. Re1 Re8 11. Nf1 Be6 12. Bc2 d5 13. Qe2 Qd7 14. Ng3 Rad8 15. d4
exd4 16. e5 Ne4 17. Nxe4 dxe4 18. Qxe4 d3 19. Rd1 Bf5 20. Qf4 Bh7 21. Bb3 Na5
22. Bd2 c5 23. c4 Nxb3 24. axb3 Re6 25. Be3 f5 26. h4 Rg6 27. Nh2 Bb8 28. h5
Re6 29. Nf3 Qe7 30. Ra5 Bxe5 31. Nxe5 Rxe5 32. Qg3 f4 33. Qxf4 Rxh5 34. b4 Rf5
35. Qg3 cxb4 36. Rxf5 Bxf5 37. Bxh6 Rd4 38. Bg5 Qe2 39. Qb8+ Kh7 40. Rd2 Qe1+
41. Kh2 Rg4 42. Qd8 Be4 1-0

[Event "Olimpiada Dresden 2008 Femenina"]
[Site "Dresden GER"]
[Date "2008.11.20"]
[Round "7.15"]
[White "Mateus, Martha"]
[Black "Paulet, Iozefina"]
[Result "1/2-1/2"]
[WhiteElo "2138"]
[BlackElo "2307"]
[PlyCount "151"]
[EventDate "2008.11.13"]
[EventType "team-tourn"]
[EventRounds "11"]
[EventCountry "GER"]
[Source "lmi"]
[SourceDate "2008.11.13"]
[WhiteTeam "Colombia"]
[BlackTeam "ROU"]
[WhiteTeamCountry "COL"]

1. e4 c5 2. Nf3 d6 3. d4 cxd4 4. Nxd4 Nf6 5. Nc3 a6 6. Bg5 e6 7. f4 Qb6 8. Qd2
Nc6 9. Bxf6 gxf6 10. Nb3 Bd7 11. O-O-O O-O-O 12. Be2 h5 13. Rhf1 Na5 14. Kb1
Kb8 15. Rf3 Nxb3 16. axb3 Bc6 17. Rd3 Qf2 18. Bf3 Qxd2 19. R1xd2 h4 20. f5 Kc7
21. Ne2 h3 22. g3 Bh6 23. Rd1 Bb5 24. Rc3+ Kd7 25. Nd4 Bc6 26. fxe6+ fxe6 27.
Bg4 Rde8 28. Nxc6 bxc6 29. Bxh3 Bf8 30. Bf1 Rxh2 31. Bxa6 Rb8 32. Rf3 Be7 33.
Bd3 Rg8 34. Bf1 Rg4 35. Re3 Bd8 36. b4 Rg5 37. c4 Ke7 38. Red3 Bc7 39. c5 d5
40. exd5 exd5 41. b5 cxb5 42. Rxd5 Rxd5 43. Rxd5 Be5 44. c6 Rxb2+ 45. Kc1 Rb3
46. Bxb5 Ke6 47. Rc5 Kd6 48. c7 Kxc5 49. c8=Q+ Kxb5 50. Qe8+ Kc5 51. g4 Rg3 52.
Kc2 Kd4 53. Qd7+ Ke3 54. Qf5 Rf3 55. Qe6 Kf4 56. Qf5+ Kg3 57. Qe6 Kh4 58. Kd1
Rg3 59. Ke2 Rxg4 60. Qf5 Rf4 61. Qh7+ Kg3 62. Qg6+ Rg4 63. Qd3+ Kh2 64. Qh7+
Kg1 65. Qb1+ Kg2 66. Qb7+ Kg3 67. Qf3+ Kh4 68. Qf5 Rg2+ 69. Kf3 Rg3+ 70. Ke2
Rg5 71. Qh7+ Kg4 72. Qe4+ Kh3 73. Qh7+ Kg2 74. Qe4+ Kh2 75. Qh7+ Kg1 76. Qb1+
1/2-1/2

[Event "Olimpiada Dresden 2008 Femenina"]
[Site "Dresden GER"]
[Date "2008.11.20"]
[Round "7.16"]
[White "Mkrtchian, Lilit"]
[Black "Moser, Eva"]
[Result "1/2-1/2"]
[WhiteElo "2443"]
[BlackElo "2376"]
[PlyCount "84"]
[EventDate "2008.11.13"]
[EventType "team-tourn"]
[EventRounds "11"]
[EventCountry "GER"]
[Source "lmi"]
[SourceDate "2008.11.13"]
[WhiteTeam "Armenia"]
[BlackTeam "Austria"]
[WhiteTeamCountry "ARM"]
[BlackTeamCountry "AUT"]

1. c4 e5 2. Nc3 Nc6 3. g3 Bb4 4. Bg2 Bxc3 5. bxc3 Nf6 6. e4 O-O 7. d3 a6 8. Ne2
b5 9. cxb5 axb5 10. O-O b4 11. c4 d6 12. h3 Nd7 13. Be3 Nc5 14. f4 Ra3 15. Nc1
Nd4 16. Rb1 Nc6 17. Qd2 Ne6 18. Nb3 Bd7 19. Kh2 Ned4 20. Rb2 Nxb3 21. axb3 Qe7
22. f5 f6 23. Bf3 Rb8 24. Qf2 Nd4 25. Bxd4 exd4 26. Qxd4 c5 27. Qd5+ Kf8 28. d4
cxd4 29. Qxd4 Qe5 30. Qxe5 dxe5 31. Kg2 Ke7 32. Kf2 Bc6 33. Rd1 Rd8 34. Rxd8
Kxd8 35. Ke3 Kc7 36. Bd1 Kb6 37. Rd2 Kc5 38. Rd8 Ra8 39. Rxa8 Bxa8 40. Bh5 Bc6
41. Bf7 Bd7 42. h4 Bc6 1/2-1/2